[Event "Costa Atlantica Univ Magdalena"]
[Site "Santa Marta"]
[Date "2013.09.02"]
[Round "4.12"]
[White "Cabarcas de la Hoz, Andres"]
[Black "Hernandez, Juan Martin"]
[Result "1-0"]
[WhiteElo "1575"]
[BlackElo "1594"]
[PlyCount "85"]
[EventDate "2013.09.02"]
[EventType "swiss"]
[EventRounds "6"]
[EventCountry "COL"]
[SourceTitle "EXT 2024"]
[Source "ChessBase"]
[SourceDate "2023.10.10"]
[SourceVersion "1"]
[SourceVersionDate "2023.10.10"]
[SourceQuality "1"]

1. e4 c5 2. Nf3 d6 3. d4 cxd4 4. Nxd4 Nf6 5. Nc3 a6 6. Bg5 Qb6 7. Nb3 e6 8. Qd2 Be7 9. 0-0-0 Nbd7 10. f3 Qc7 11. Bf4 e5 12. Be3 b5 13. g4 h6 14. h4 Bb7 15. Bh3 b4 16. Ne2 d5 17. g5 d4 18. gxf6 Nxf6 19. Bf2 a5 20. Kb1 Bc6 21. Bg3 Bd6 22. Rhg1 a4 23. Nbc1 b3 24. a3 bxc2+ 25. Qxc2 0-0 26. Bh2 Kh8 27. Ng3 Rab8 28. Ka1 g6 29. Nd3 Qb6 30. Ne2 Bd7 31. Bxd7 Nxd7 32. Qd2 Kh7 33. h5 Rfc8 34. Rg2 Qb3 35. Nec1 Qc4 36. hxg6+ fxg6 37. Rdg1 g5 38. Rxg5 Bf8 39. Rf5 Rb6 40. Bxe5 Rbc6 41. Qg2 Qe6 42. Rxf8 Rxc1+ 43. Nxc1 1-0

[Event "La Candelaria Cup"]
[Site "Complejo de Raquetas"]
[Date "2013.02.01"]
[Round "3"]
[White "Cabarcas de la Hoz, Andres"]
[Black "Chavez Quiroz, Gustavo Adolfo"]
[Result "1-0"]
[WhiteElo "1500"]
[BlackElo "1618"]
[PlyCount "43"]
[EventDate "2013.01.30"]
[EventType "swiss"]
[EventRounds "7"]
[EventCountry "COL"]
[SourceTitle "CBM 152 Extra"]
[Source "ChessBase"]
[SourceDate "2013.02.25"]
[SourceVersion "1"]
[SourceVersionDate "2013.02.25"]
[SourceQuality "1"]

1. e4 c6 2. d4 d5 3. Nc3 f6 4. Bd3 e5 5. exd5 cxd5 6. dxe5 fxe5 7. Qh5+ Kd7 8. Qxe5 Ne7 9. Bg5 Qa5 10. Nf3 Nbc6 11. Bb5 a6 12. Bxc6+ bxc6 13. 0-0-0 Qb6 14. Rhe1 Ng6 15. Qe8+ Kd6 16. Ne4+ Kc7 17. Bd8+ Kb7 18. Bxb6 Kxb6 19. Qd8+ Kb5 20. Nd4+ Kc4 21. b3+ Kb4 22. a3+ 1-0